000 00458nam a2200181Ia 4500
005 20250508162028.0
008 008 250505s9999 xx 000 0 hin d
037 _aTextual
040 _aFEDL
_beng
_cFEDL
041 _ahin
_2hin
084 _aFH, PRA
_qFEDL
100 _aPrabhakar Vishnu
245 0 _aSwapnamyi
260 _aDelhi, India
_bRajkamal Prakashan
300 _a132p.
942 _cTEXL
_hFH, PRA
999 _c1373921
_d1373921